|
|
|
|
| LEADER |
00000nab a2200000 a 4500 |
| 001 |
vtls000907229 |
| 003 |
SK-MaSNL |
| 005 |
20260302172419.0 |
| 008 |
040720e20010815xo 0 slo |
| 035 |
|
|
|a KE16169
|
| 040 |
|
|
|a KEVKJB
|b slo
|c KEVKJB
|e AACR2
|
| 041 |
0 |
|
|a slo
|
| 044 |
|
|
|a xo
|c SK
|
| 080 |
|
|
|a 669.1
|2 1981
|
| 100 |
1 |
|
|a Jurkovičová, Klaudia
|4 aut
|9 877349
|
| 245 |
1 |
0 |
|a Nehutnícke firmy s majoritnou účasťou VSŽ boli na okraji záujmu predchádzajúcich manažmentov
|b VSŽ po odčlenení hutníckej výroby hľadajú nové cesty v podnikaní
|
| 300 |
|
|
|b 1 foto
|
| 610 |
2 |
7 |
|a Východoslovenské železiarne (Košice, Slovensko)
|2 KEVKJB
|
| 610 |
2 |
7 |
|a Východoslovenské železiarne Holding (Košice, Slovensko)
|2 snkbucl
|9 29927
|
| 650 |
0 |
7 |
|a firmy nehutnícke
|2 KEVKJB
|9 878330
|
| 650 |
0 |
7 |
|a odčlenenie
|2 KEVKJB
|9 878331
|
| 650 |
0 |
7 |
|a revitalizácia
|2 KEVKJB
|9 288707
|
| 651 |
|
7 |
|a Košice (Slovensko)
|2 KEVKJB
|9 18694
|
| 651 |
|
7 |
|a KE,
|2 KEVKJB
|9 877256
|
| 655 |
|
7 |
|a periodikum
|2 snkbucl
|9 29553
|
| 710 |
2 |
|
|a Východoslovenské železiarne (Košice, Slovensko)
|4 aut
|
| 773 |
0 |
8 |
|t Košický denník Korzár
|g Roč. 4, č.188, 15.8.2001, s. 3
|x 1335-4566
|
| 852 |
|
|
|a ZVYKNI
|b KIS3GCP
|
| 999 |
|
|
|c 1398713
|d 1400643
|